00644nam a2200217 a 4500001001400000005001700014008004100031020002800072035001700100040002700117041000800144044001100152080001200163100003800175242002400213242005300237245008700290250001200377260002600389300001100415vtls00846885820250926101018.0000507e1995 xr g cze c a8020005145c[119.00 SK] aSAVUKc043519 aSAVUKbslocSNKeAACR21 acze axrcCZ a885.0-51 aPeroutka, Ferdinand,d1895-1978 10aÚdel slobodyycze10aVýber z rozhlasových prejavov 1951-1977ycze10aÚděl svobodybVýbor z rozhlasových projevů 1951-1977cFerdinand Peroutka a1. vyd. aPrahabAcademiac1995 a131 s.